Novela priniesla zmätok

Zväz obchod a cestovného ruchu SR upozorňuje na problémy, ktoré vznikajú v obchodnej praxi pri vykonávaní zákona č. 278/2006 Z.z. - novela zákona o spotrebnej dani z liehu. Zväz obchodu žiada návrat k predchádzajúcemu stavu.

Gespeichert in:
Bibliographische Detailangaben
1. Verfasser: Hinková-Dibarborová, Andrea
Format: Buchkapitel
Sprache:Slowakisch
Schlagworte:
Tags: Tag hinzufügen
Keine Tags, Fügen Sie das erste Tag hinzu!

MARC

LEADER 00000naa$a2200000$$$4500
001 0046133
005 20231107130518.3
041 0 |a slo 
044 |a SK 
245 1 0 |a Novela priniesla zmätok 
520 |a Zväz obchod a cestovného ruchu SR upozorňuje na problémy, ktoré vznikajú v obchodnej praxi pri vykonávaní zákona č. 278/2006 Z.z. - novela zákona o spotrebnej dani z liehu. Zväz obchodu žiada návrat k predchádzajúcemu stavu. 
610 2 0 |a dane spotrebné 
610 2 0 |a lieh 
610 2 0 |a legislatíva 
610 2 0 |a novelizácia 
610 2 0 |a 2006 
100 1 |a Hinková-Dibarborová, Andrea